000 00764nam a22002897a 4500
003 UA-OsUOA
001 24632
007 ta
008 20040224b un ||||| |||| 00| 0 ukr d
100 _aМельник А.Ф.
700 _aОболенський О.Ю.
700 _aВасіна А.Ю.
700 _aГордієнко Л.Ю.
090 _a351/354(075.8)
_bД36
942 _cBK
040 _aUA-OsUOA
_bukr
_cUA-OsUOA
_dUA-OsUOA
245 _aДержавне управління
_bнавчальний посібник
300 _a343 с.
955 _a2
041 _aukr
080 _a351/354(075.8)
020 _a966-7767-77-9
260 _aКиїв
_bЗнання-прес
_c2003
044 _aUA
650 7 _2UDC
999 _c310911
_d310911